000 00487nam a2200169Ia 4500
999 _c35918
_d35918
003 OSt
005 20210122095953.0
008 190216s9999||||xx |||||||||||||| ||und||
040 _coclc
082 _a330.91724
_bSNA/T
100 _aSnape, Richard H
_98350
245 4 _aThe World Bank Economic Review /
_cRichard H Snape
260 _bThe World Bank,
_c1985.
_aUSA:
300 _a745p
650 _aBank Economic Review
942 _cREF
_2ddc
_hSnape,
_iSNA/T
_kSnape,
_mSNA/T